000 01139nam a22002775i 4500
999 _c27945
_d27916
003 EG-ScBUE
005 20200104132217.0
008 200104s2019 ua f l 000 0 eng d
040 _aEG-ScBUE
_beng
_erda
_cEG-ScBUE
_dEG-ScBUE
041 1 _aeng
_aara
_hara
043 _af-ua---
082 0 4 _a344.6202
_bSOC
_222
110 1 _aEgypt.
245 1 0 _aSocial insurance and pensions law =
_bقانون التأمينات الاجتماعية والمعاشات : law No. 148 of the year 2019 /
_ctranslated by The Middle East Library for Economic Services.
246 3 1 _aقانون التأمينات الاجتماعية والمعاشات
264 1 _aCairo :
_bThe Middle East Library for Economic Services,
_c2019.
300 _a1 volume ;
_c28 cm
336 _atext
_btxt
_2rdacontent
337 _aunmediated
_bn
_2rdamedia
338 _avolume
_bnc
_2rdacarrier
500 _a"Code 231"-- title page.
650 7 _aالتأمين الاجتماعي
_xقوانين وتشريعات
_zمصر.
_2BUEsh
_920366
653 _bLLAAWW
_cJanuary2020
710 2 _aThe Middle East Library for Economic Services,
_etranslator.
942 _2ddc
_cBB